| 000 | 00773nam a22002057a 4500 | ||
|---|---|---|---|
| 003 | OSt | ||
| 005 | 20140310182919.0 | ||
| 008 | 130129t xxu||||| |||| 00| 0 eng d | ||
| 020 | _a9715552498 | ||
| 050 |
_aRA643.86 _b.In61 1998 |
||
| 082 |
_aFIL 155.3 _bSo1 1998 |
||
| 245 |
_aA fresh look at sexuality and HIV/AIDS in Asia and the Pacific _bproceedings of the satellite workshop on sexuality. _cInternational Congress on Aids in Asia and the Pacific (4th : 1998 : Manila, Philippines) |
||
| 260 |
_aManila _bTask Force on Social Science and Reproductive Health, Social Development Center, De La Salle University, _c1998 |
||
| 300 |
_a48 p. ; _c23 cm. |
||
| 521 | _aCollege | ||
| 526 | _c1210L-1700L | ||
| 541 | _j1 | ||
| 562 | _e1 | ||
| 942 |
_2lcc _cBK _kFIL |
||
| 999 |
_c17325 _d17325 |
||